000 05700cam a22011894i 4500
003 PE-LiUPU
005 20250813185446.0
008 150623s1999 pe a rb 000 0 spa d
035 _a(Sirsi) a26762
040 _aPE-LiUPU
_bspa
_cPE-LiUPU
_erda
082 0 4 _a302.22
_bQ49
_221
100 1 _aQuintana Otiniano, María,
_eautor.
245 1 0 _aComunicaciones y recursos humanos /
_cMaría Quintana Otiniano.
264 1 _aLima, Perú :
_bUniversidad de San Martín de Porres,
_c1999.
300 _a222 páginas :
_bilustraciones ;
_c21 centímetros
336 _atext
_2rdacontent
337 _aunmediated
_2rdamedia
338 _avolume
_2rdacarrier
500 _aIncluye "Glosario":(A-U).
504 _aBibliografía: páginas 221-222.
505 0 _aConcepto general: Antecedentes -- Trascendencia de la comunicación -- Importancia de la comunicación -- Fines que persigue (¿para qué comunicar? -- ¿Que origina la falta de comunicación dentro de la empresa?) -- Bases para una comunicación eficaz -- Modelo de inter-relación en la comunicación -- El proceso de la comunicación: En busca de la verdadera comunicación -- Elementos que intervienen en la comunicación -- Estrategias para la elaboración del mensaje -- Formas de escuchar para percibir claramente el mensaje -- Estrategias para una comunicación efectiva -- Diferencias entre información y comunicación -- Las barreras en las comunicaciones -- La organización y las comunicaciones: La organización como sistema -- Los objetivos organizacionales -- Estructura de las comunicaciones -- La comunicación organizacional -- Cultura organizativa -- Clasificación de la cultura corporativa -- Relación comunicación-cultura-estructura -- La cultura de confianza -- El cambio organizacional -- Clasificación de las comunicaciones organizacionales -- La comunicación formal -- Proceso de implementación de una estructura formal de comunicación -- Medios de comunicación en la empresa -- Factor humano -- Enfoque de las relaciones humanas en la teoría clásica de la gestión -- Las habilidades gerenciales: El proceso administrativo: Relaciones humanas -- Gerencia estratégica y comunicación: La responsabilidad en la comunicación del gerente -- Papel de la comunicación en tres roles gerenciales -- Eficacia y eficiencia en la gestión gerencial -- Importancia de las comunicaciones en el proceso de tomar y ejecutar decisiones -- Administración estratégica -- Nuevos enfoques para la gestión de empresas -- Planeamiento estratégico -- Planeamiento estratégico: Hoshin Kanri -- Importancia de la comunicación para el planeamiento estratégico Hoshin Kanri -- Técnicas o sistemas para generar valor en las funciones de la organización y optimizar sus resultados para obtener ventaja competitiva -- Calidad total -- La gerencia de recursos humanos en el nuevo sistema -- Funciones de la gerencia de recursos humanos -- Enfoque en el tiempo de la calidad percibida y actuada -- Base de datos en recursos humanos -- Sistema de información de recursos humanos -- La planeación de un sistema de información de recursos humanos -- Globalización comunicacional -- Impacto de la ciencia y la tecnología en el campo de la comunicación -- La comunicación en la era del multimedia -- Las comunicaciones como herramientas estratégica para la gerencia de RR.HH.: Necesidad de las comunicaciones -- Organización de las comunicaciones -- Política-planes y programas de comunicación -- Plan de comunicación en la empresa -- El responsable de las comunicaciones laborales -- Auditoría de las comunicaciones.
526 _aP202
526 _aP201
526 _aP163
526 _aP162
526 _aP161
526 _aP160
526 _aP148
526 _aP147
526 _aP146
526 _aP145
526 _aP144
526 _aP143
526 _aP142
526 _aP141
526 _aP140
526 _aP139
526 _aP138
526 _aP137
526 _aP136
526 _aP135
526 _aP134
526 _aP133
526 _aP129
526 _aP128
526 _aP127
526 _aP120
526 _aP119
526 _aP118
526 _aP116
526 _aP115
526 _aP114
526 _aP110
526 _aP109
526 _aP108
526 _aP104
526 _aP103
526 _aP102
526 _aP99
526 _aP98
526 _aP97
526 _aP96
526 _aP95
526 _aP93
526 _aP90
526 _aP89
526 _aP88
526 _aP83
526 _aP82
526 _aP62
526 _aP59
526 _aP58
526 _aP57
526 _aP51
526 _aP49
526 _aP48
526 _aP47
526 _aP29
526 _aP24
526 _aP20
526 _aP19
526 _aP17
526 _aP15
526 _aP14
526 _aP12
526 _aP10
526 _aP09
526 _aP08
526 _aP07
526 _aP06
526 _aP05
526 _aP04
526 _aP01
650 0 4 _aComunicaciones interpersonales (Empresas).
650 0 4 _aComunicación
_xProceso.
910 _bksl
_cksl
_d20190624
942 _2ddc
_cBOOK
949 _a302.22 Q49
_wDEWEY
_c1
_i52020
_lCCODEBUL1
_mBUL
_p10.00
_r0
_sY
_tBOOK
_u2015-06-24
_xBIBLIOTECA
_zUNKNOWN
_0COMPRA
_o.STAFF. Colección Ciencias Humanas y Educación
596 _a1
999 _a302.22 Q49
_wDEWEY
_c33828
_i52020
_d33828
_e2017-3-21
_f2021-11-8
_g6
_lCCODEBUL1
_mBUL
_n1
_p10.00
_r0
_sY
_tBOOK
_u2015-6-24
_xEDUCACION
_zUNKNOWN
_0COMPRA
_o.STAFF. Colección Ciencias Humanas y Educación
980 _81
_gALBERTO SANCHEZ Responsable de Automatización